[Event "Challenge"]
[Site "http://www.queenalice.com/game.php?id=694735"]
[Date "2009.12.8"]
[Round "-"]
[White "billymc"]
[Black "extermination"]
[Result "1-0"]
[WhiteElo "1424"]
[BlackElo "1794"]

1. e4 e5 2. Nf3 Nc6 3. Nc3 Nf6 4. Bc4 Bc5 5. O-O d6 6. Re1 Bg4 7. d3 Nd4 8. Be3
Nxf3+ 9. gxf3 Bh5 10. a3 c6 11. b4 Bxe3 12. fxe3 O-O 13. Qd2 Nd7 14. d4 Bxf3 15.
Qf2 Qg5+ 16. Kf1 Bg4 17. Qg2 Qxe3 18. Rxe3 Be6 19. Bxe6 fxe6+ 20. Ke2 exd4 21.
Rg1 g6 22. Rf3 Nf6 23. Nd1 e5 24. c3 Nxe4 25. Rxf8+ 1-0

[Event "Challenge"]
[Site "http://www.queenalice.com/game.php?id=696253"]
[Date "2009.12.11"]
[Round "-"]
[White "bruhno"]
[Black "billymc"]
[Result "0-1"]
[WhiteElo "1527"]
[BlackElo "1451"]

1. e4 e5 2. Nf3 Nc6 3. b3 Bc5 4. Bb2 d6 5. Bb5 Bd7 6. Bxc6 Bxc6 7. d3 Qf6 8. O-O
O-O-O 9. c4 Ne7 10. g3 g5 11. g4 Ng6 12. Bc1 Rhe8 13. Nxg5 Rg8 14. Nh3 Nh4 15.
Bg5 Rxg5 16. Nxg5 Qxg5 17. Re1 Bxf2+ 18. Kxf2 Qf4+ 19. Ke2 Qxh2+ 20. Kf1 Qg2#
0-1

[Event "AUTO-INT-1582"]
[Site "http://www.queenalice.com/game.php?id=716120"]
[Date "2010.1.19"]
[Round "1"]
[White "jpcamilo"]
[Black "billymc"]
[Result "0-1"]
[WhiteElo "1644"]
[BlackElo "1470"]

1. d4 d5 2. Nc3 Nf6 3. Nf3 e6 4. Bf4 Bd6 5. Nb5 O-O 6. h4 Bxf4 7. h5 Nc6 8. h6
Bxh6 9. Qd3 Ne4 10. Ne5 f6 11. Ng4 Bg5 12. Qh3 e5 13. dxe5 h6 14. Qh5 Qe8 15.
Qxe8 Rxe8 16. Nxc7 Bxg4 17. Nxa8 Rxa8 18. f3 Ng3 19. Rh2 Nxf1 20. Kxf1 Be6 21.
g4 Rd8 22. a4 Be3 23. exf6 gxf6 24. Rxh6 Bxh6 0-1

[Event "AUTO-INT-1582"]
[Site "http://www.queenalice.com/game.php?id=716121"]
[Date "2010.1.19"]
[Round "1"]
[White "billymc"]
[Black "jpcamilo"]
[Result "0-1"]
[WhiteElo "1460"]
[BlackElo "1636"]

1. e4 e5 2. Nf3 Nc6 3. Bc4 h6 4. O-O Nf6 5. d3 h5 6. Bg5 Be7 7. Nc3 Bb4 8. Re1
Bxc3 9. bxc3 d6 10. d4 Qd7 11. Bxf6 gxf6 12. dxe5 dxe5 13. h3 Na5 14. Qxd7+ Bxd7
15. Rad1 Nxc4 16. Nd2 Nxd2 17. Rxd2 O-O-O 18. Red1 b6 0-1

[Event "AUTO-INT-1582"]
[Site "http://www.queenalice.com/game.php?id=716137"]
[Date "2010.1.19"]
[Round "1"]
[White "billymc"]
[Black "saraquette"]
[Result "0-1"]
[WhiteElo "1519"]
[BlackElo "1530"]

1. e4 c5 2. Nf3 Nc6 3. Bc4 e6 4. Nc3 g6 5. O-O Nf6 6. d3 d5 7. exd5 exd5 8. Bb5
Bg7 9. Qe1+ Be6 10. h3 O-O 11. Bxc6 bxc6 12. Bg5 h6 13. Bxf6 Bxf6 14. Qd2 Kg7
15. Rfe1 Qd7 16. Ne5 Qd6 17. f4 Bh4 18. Nxg6 Bxe1 19. Rxe1 fxg6 20. g3 Bxh3 21.
Nd1 d4 0-1

[Event "AUTO-INT-1582"]
[Site "http://www.queenalice.com/game.php?id=716148"]
[Date "2010.1.19"]
[Round "1"]
[White "billymc"]
[Black "EduardoGP"]
[Result "0-1"]
[WhiteElo "1470"]
[BlackElo "1739"]

1. e4 c5 2. Nf3 d6 3. Bc4 Nf6 4. O-O Nxe4 5. d3 Nf6 6. Be3 Nc6 7. h3 Qb6 8. b3
d5 9. Nc3 dxc4 10. dxc4 g6 11. Qd3 Bf5 12. Qe2 Bg7 13. Na4 Qc7 14. Bxc5 Ne4 15.
Be3 Bxa1 16. Rxa1 O-O-O 0-1

[Event "AUTO-INT-1582"]
[Site "http://www.queenalice.com/game.php?id=716149"]
[Date "2010.1.19"]
[Round "1"]
[White "EduardoGP"]
[Black "billymc"]
[Result "1-0"]
[WhiteElo "1744"]
[BlackElo "1465"]

1. Nf3 Nc6 2. c4 Nf6 3. d4 e6 4. a3 d6 5. Nc3 d5 6. Bf4 h6 7. Nb5 Bd6 8. Bxd6
cxd6 9. e3 g5 10. Bd3 Bd7 11. Nxd6+ Ke7 12. c5 b6 13. Qc2 Qc7 14. b4 a6 15. Ke2
Ne8 16. Nxe8 Rhxe8 17. h4 1-0

[Event "Challenge"]
[Site "http://www.queenalice.com/game.php?id=719455"]
[Date "2010.1.24"]
[Round "-"]
[White "babycrocket"]
[Black "billymc"]
[Result "0-1"]
[WhiteElo "1647"]
[BlackElo "1493"]

1. e4 e5 2. Nf3 Nc6 3. d3 Bd6 4. c3 Nf6 5. Be2 b6 6. O-O Ba6 7. Re1 Qe7 8. Nbd2
Qe6 9. Nf1 g6 10. Bh6 Rg8 11. h4 O-O-O 12. N3h2 Bc5 13. Ng3 Nh5 14. Nxh5 gxh5
15. Be3 Rg6 16. Bxh5 Rg7 17. Qe2 Rdg8 18. g3 Qh3 19. Bxc5 bxc5 20. Kh1 Ne7 21.
Rad1 f5 22. exf5 Nxf5 23. Qxe5 Nxg3+ 24. fxg3 Rxg3 25. Rg1 d6 26. Qe4 Bb7 0-1

[Event "Challenge"]
[Site "http://www.queenalice.com/game.php?id=733862"]
[Date "2010.2.18"]
[Round "-"]
[White "lcchaves13"]
[Black "billymc"]
[Result "0-1"]
[WhiteElo "1453"]
[BlackElo "1515"]

1. e4 e5 2. Nf3 Nc6 3. Nc3 Nf6 4. d3 Bb4 5. Bg5 d6 6. Bxf6 Qxf6 7. a3 Bxc3+ 8.
bxc3 Bg4 9. d4 Bxf3 10. gxf3 O-O-O 11. Bh3+ Kb8 12. d5 Ne7 13. Qb1 Qxf3 14. O-O
Qxh3 15. Qb3 Qg4+ 16. Kh1 Qxe4+ 17. Kg1 Nxd5 18. Rab1 b6 19. Rfe1 Qf3 20. Red1
Nf4 21. Kf1 Qg2+ 22. Ke1 Rhe8 23. Qxf7 Rf8 24. Qb3 Nd5 25. Rd2 Qg1+ 26. Ke2
Qxf2+ 27. Kd3 Rf3+ 28. Ke4 Nf6# 0-1

[Event "AUTO-INT-1626"]
[Site "http://www.queenalice.com/game.php?id=739736"]
[Date "2010.3.2"]
[Round "1"]
[White "Markkim"]
[Black "billymc"]
[Result "0-1"]
[WhiteElo "1469"]
[BlackElo "1503"]

1. d4 d5 2. c4 e6 3. Nf3 c6 4. Nc3 Bd6 5. e3 Nf6 6. Bd3 b6 7. O-O Ba6 8. cxd5
Bxd3 9. Qxd3 cxd5 10. e4 dxe4 11. Nxe4 Nc6 12. Bg5 Be7 13. Nxf6+ Bxf6 14. Bxf6
gxf6 15. Rac1 Rc8 16. Qe4 f5 17. Qh4 f6 18. Rfd1 e5 19. dxe5 Qe7 20. Qxf6 Rf8
21. Qxe7+ Kxe7 22. Rc3 Rc7 23. Rdc1 Rfc8 0-1

[Event "AUTO-INT-1626"]
[Site "http://www.queenalice.com/game.php?id=739737"]
[Date "2010.3.2"]
[Round "1"]
[White "billymc"]
[Black "Markkim"]
[Result "0-1"]
[WhiteElo "1529"]
[BlackElo "1667"]

1. e4 c5 2. Nf3 d6 3. c4 Nf6 4. Nc3 g6 5. d3 Bg7 6. g3 O-O 7. Bg5 Nfd7 8. Bh3 f6
9. Be3 Nb6 10. b3 Bxh3 11. Qd2 Bg2 12. Rg1 Bxf3 0-1

[Event "AUTO-INT-1626"]
[Site "http://www.queenalice.com/game.php?id=739748"]
[Date "2010.3.2"]
[Round "1"]
[White "widad"]
[Black "billymc"]
[Result "1-0"]
[WhiteElo "1605"]
[BlackElo "1534"]

1. e4 e5 2. Nf3 Nc6 3. Bc4 Nf6 4. Nc3 Bc5 5. d3 b6 6. h3 a6 7. a3 Bb7 8. Bg5 Be7
9. O-O d6 10. Bxf6 Bxf6 11. Nh2 a5 12. f4 Qe7 13. f5 Nd4 14. Nd5 Qd8 15. c3 Nc6
16. Nf3 g6 17. Nh2 Nb8 18. Nxf6+ Qxf6 19. Ng4 Qe7 20. b4 c6 21. d4 Nd7 22. Bd3
Nf6 23. Nxf6+ Qxf6 24. g4 gxf5 25. exf5 O-O-O 26. Be2 Rhe8 27. Bf3 d5 28. bxa5
b5 29. Qd3 e4 30. Bxe4 dxe4 31. Qe3 Rd6 32. a6 Bxa6 33. Rf4 Qg5 34. Kf2 Qh4+ 35.
Kg2 Kc7 36. Rxe4 Rxe4 37. Qxe4 Kd7 38. Re1 Qf6 39. Qe8+ Kc7 40. Re7+ Kb6 41.
Rxf7 Qd8 42. Qe4 Rf6 43. Rxf6 Qxf6 44. Kg3 Qd6+ 45. Qe5 Kc7 46. Kf4 Kd7 47. f6
Qe6 48. Qf5 Bc8 49. g5 Ke8 50. Qxe6+ Bxe6 51. h4 Kf7 52. Ke5 Bd7 53. Kd6 Ke8 54.
h5 Kd8 55. f7 1-0

[Event "AUTO-INT-1626"]
[Site "http://www.queenalice.com/game.php?id=739749"]
[Date "2010.3.2"]
[Round "1"]
[White "billymc"]
[Black "widad"]
[Result "1-0"]
[WhiteElo "1488"]
[BlackElo "1646"]

1. e4 c5 2. Nf3 Nc6 3. Bc4 e5 4. O-O Nf6 5. Nc3 h6 6. d3 d6 7. Be3 Be7 8. Qe2
Nd4 9. Qd1 a6 10. a4 Bd7 11. h3 Bc6 12. Nd2 O-O 13. b3 b5 14. axb5 axb5 15. Bd5
Bxd5 16. exd5 b4 17. Nce4 Nxe4 18. dxe4 f5 19. Bxd4 cxd4 20. Rxa8 Qxa8 21. f3 f4
22. Qe2 Qa2 23. Nc4 g5 24. Rf2 Ra8 25. Nb6 Ra7 26. Nc8 Rc7 27. Nxe7+ Rxe7 28.
Qc4 Qa5 29. Qc8+ Kf7 30. Qf5+ Kg7 31. Kh2 Rf7 32. Qe6 Qb6 33. g4 fxg3+ 34. Kxg3
h5 35. f4 gxf4+ 36. Kf3 Qc7 37. Rg2+ Kf8 38. Qh6+ Ke8 39. Rg8+ Kd7 40. Qe6# 1-0

[Event "AUTO-INT-1626"]
[Site "http://www.queenalice.com/game.php?id=739754"]
[Date "2010.3.2"]
[Round "1"]
[White "juim"]
[Black "billymc"]
[Result "0-1"]
[WhiteElo "1707"]
[BlackElo "1510"]

1. e4 e5 2. d3 Nc6 3. Nf3 d6 4. Be2 g6 5. Ng5 Bh6 6. Qd2 Bxg5 7. Qd1 Bxc1 8.
Qxc1 Nf6 9. O-O h5 10. Nc3 Nd4 11. a4 Bd7 12. Qd2 c5 13. Nd5 Nxe2+ 14. Qxe2 Nxd5
15. exd5 Qa5 16. c4 O-O-O 17. Qf3 f5 18. Rfb1 Bxa4 19. b3 b5 20. bxa4 b4 21. Qg3
Rhg8 22. h3 g5 23. Qf3 g4 24. Qxf5+ Kb8 25. Qxh5 g3 26. fxg3 Rxg3 27. Rf1 b3 28.
Qd1 Qc3 29. Rf3 Rdg8 30. Rxg3 Rxg3 31. Ra3 Rxd3 32. Qb1 Qd4+ 33. Kh2 Qf4+ 34.
Kh1 Qe3 35. a5 Rc3 36. a6 Kc7 37. Ra5 Rc1+ 38. Qxc1 Qxc1+ 39. Kh2 Qf4+ 40. Kg1
b2 41. Rb5 Qc1+ 42. Kh2 b1=Q 0-1

[Event "AUTO-INT-1626"]
[Site "http://www.queenalice.com/game.php?id=739755"]
[Date "2010.3.2"]
[Round "1"]
[White "billymc"]
[Black "juim"]
[Result "1-0"]
[WhiteElo "1521"]
[BlackElo "1659"]

1. e4 e5 2. Nf3 d6 3. Bc4 Nf6 4. Nc3 Nc6 5. d3 Nd4 6. Be3 Nxf3+ 7. Qxf3 Be7 8.
Nd5 Nxd5 9. Bxd5 O-O 10. h3 Be6 11. Bxe6 fxe6 12. Qe2 d5 13. O-O d4 14. Bd2 Bg5
15. Rad1 Bh4 16. g3 Bg5 17. Bxg5 Qxg5 18. h4 Qg6 19. c3 Rad8 20. Qd2 dxc3 21.
bxc3 Rf4 22. Kh2 Rg4 23. Rg1 Qf7 24. Qe2 Rg6 25. g4 Rf8 26. h5 Rf6 27. Rg2 Rxf2
28. Qe3 Rxg2+ 29. Kxg2 Qe7 30. Rh1 Rf4 31. Qxa7 Rxg4+ 32. Kf3 Rf4+ 33. Ke3 b6
34. Ke2 Rh4 35. Rxh4 Qxh4 36. Qb8+ Kf7 37. Qxc7+ Ke8 38. Qc8+ Ke7 39. Qc7+ Ke8
40. Qc8+ Kf7 41. Qd7+ Qe7 42. Qxe7+ Kxe7 43. Kf3 h6 44. c4 Kf6 45. a4 Ke7 46.
Ke2 Kd6 47. Kd2 Kc5 48. Kc3 Kd6 49. Kb4 Ke7 50. Kb5 Kf6 51. Kxb6 Kg5 52. c5 Kxh5
53. c6 g5 54. c7 g4 55. c8=Q g3 56. Qc1 Kg4 57. a5 h5 58. a6 g2 59. a7 Kf3 60.
a8=Q Kf2 61. Qf8+ Kg3 62. Qg5+ Kh2 63. Qf2 1-0

[Event "Revanche"]
[Site "http://www.queenalice.com/game.php?id=747129"]
[Date "2010.3.16"]
[Round "-"]
[White "billymc"]
[Black "lcchaves13"]
[Result "0-1"]
[WhiteElo "1506"]
[BlackElo "1460"]

1. e4 Nf6 2. Bd3 d5 3. f3 Nc6 4. exd5 Nxd5 5. a3 e6 6. b4 Qf6 7. c3 a5 8. bxa5
Nxa5 9. Bb2 Nf4 10. Bf1 b6 11. d4 e5 12. d5 Bb7 13. Ne2 Nxd5 14. Nd2 Ne3 15.
Qa4+ Bc6 16. g4 Bxa4 0-1

[Event "0 x 0"]
[Site "http://www.queenalice.com/game.php?id=749944"]
[Date "2010.3.22"]
[Round "-"]
[White "claudiocaire"]
[Black "billymc"]
[Result "1-0"]
[WhiteElo "1607"]
[BlackElo "1518"]

1. e4 e5 2. Qh5 c6 3. Bc4 d5 4. exd5 cxd5 5. Qxe5+ Be6 6. Bb5+ Nd7 7. Qf4 g5 8.
Qd4 f6 9. d3 a6 10. Ba4 Bc5 11. Qc3 b5 12. Bb3 b4 13. Qd2 Ne7 14. Nf3 1-0

[Event "AUTO-INT-1626"]
[Site "http://www.queenalice.com/game.php?id=826077"]
[Date "2010.8.31"]
[Round "2"]
[White "Navi"]
[Black "billymc"]
[Result "1-0"]
[WhiteElo "1865"]
[BlackElo "1544"]

1. e4 e5 2. Nf3 Nc6 3. Bb5 a6 4. Bxc6 bxc6 5. d3 d5 6. exd5 cxd5 7. Nxe5 Bb7 8.
d4 Nf6 9. c3 Bd6 10. Nd3 O-O 11. Be3 c6 12. h3 Rc8 13. Nd2 a5 14. O-O Ba6 15.
Nf3 c5 16. dxc5 Bxd3 17. Qxd3 Bxc5 18. Bg5 Re8 19. Bxf6 Qxf6 20. Qxd5 h6 21. Qd1
g5 22. Qc2 Bd6 23. Rfe1 Qf4 24. Rxe8+ Rxe8 25. Qd2 Qxd2 26. Nxd2 f5 27. Kf1 1-0

[Event "AUTO-INT-1626"]
[Site "http://www.queenalice.com/game.php?id=826078"]
[Date "2010.8.31"]
[Round "2"]
[White "billymc"]
[Black "Navi"]
[Result "0-1"]
[WhiteElo "1547"]
[BlackElo "1862"]

1. e4 e5 2. Nf3 d6 3. Bc4 Bg4 4. O-O Qd7 5. d4 exd4 6. Qxd4 Bxf3 7. gxf3 Nc6 8.
Qd1 g6 9. Nc3 Bg7 10. Be3 Nge7 11. f4 Bxc3 12. bxc3 a6 13. f3 O-O 14. Rb1 b5 15.
Be2 Rfe8 16. c4 bxc4 17. Bxc4 Na5 18. e5 Nxc4 19. Bf2 Nf5 20. Re1 Nb6 21. Bxb6
cxb6 22. Rxb6 Reb8 23. Rxb8+ Rxb8 24. c3 Rb2 25. exd6 Qa7+ 0-1

[Event "AUTO-INT-1626"]
[Site "http://www.queenalice.com/game.php?id=826081"]
[Date "2010.8.31"]
[Round "2"]
[White "RSRocha"]
[Black "billymc"]
[Result "1-0"]
[WhiteElo "1773"]
[BlackElo "1554"]

1. e4 e5 2. Nf3 Nc6 3. Bc4 Nf6 4. c3 Bc5 5. d4 exd4 6. cxd4 Bb4+ 7. Nc3 d6 8.
O-O O-O 9. Bg5 Bg4 10. Nd5 Na5 11. Nxf6+ gxf6 12. Bh6 Re8 13. Bxf7+ Kxf7 14.
Ne5+ fxe5 15. Qxg4 Rg8 16. Qh5+ 1-0